| 000 | 00572nam a2200217Ia 4500 | ||
|---|---|---|---|
| 999 |
_c16350 _d16350 |
||
| 003 | 0100 | ||
| 005 | 20180129101708.0 | ||
| 008 | 130303s9999 xx 000 0 und d | ||
| 020 | _a70102171 | ||
| 040 | _cARRUPELIB | ||
| 050 | _aDT61.C34 | ||
| 100 |
_aCasson, Lionel, 1914- _938987 |
||
| 245 | 4 | _aThe Horizon book of daily life ancient Egypt | |
| 260 |
_aNew York _bAmerican Heritage Pub. Co. _c1975 |
||
| 300 | _a128p. | ||
| 300 | _b 29cm. | ||
| 440 |
_aDaily life in five great ages of history _938988 |
||
| 700 |
_aLionel Casson _938990 |
||
| 942 |
_2lcc _cMONOGRAPH |
||